000 00635nam a2200229 i 4500
001 C2-0308335
003 PPAK
005 20180728095142.0
008 110427s2003 my a|||| ||||| | eng d
020 _a9839572644
040 _aPPAK
_beng
_cPPAK
_erda
082 0 4 _a751.4
_223
090 0 0 _a751.4
_bWAT
_dR
245 0 0 _aWater :
_bthe first element
264 1 _aKuala Lumpur :
_bBalai Seni Lukis Negara ,
_c2003
300 _a84 pages :
_bcolour illustrations ;
_c23 cm
336 _2rdacontent
_atext
337 _2rdamedia
_aunmediated
338 _2rdacarrier
_avolume
650 1 0 _aPainting and paintings
942 _ddc
_cB
999 _c110947
_d110947